Statistics for AMAZING ANIMALS-HARD

Click here to take the quiz!

General Stats

  • This quiz has been taken 15 times
  • The average score is 5 of 15

Answer Stats

QuestionAnswer% Correct
Which of these animals have lungs?Blue Whale
77%
The mammal with the longest gestation period is:Elephant
77%
The tongue of a Blue Whale weighs the same as a/anelephant
62%
Where is a shrimp's heart located?in its head
54%
how many feathers does the average budgerigar (species of parrot) have?3,000
38%
What weight was the heaviest insect ever recorded?70g (2.5oz)
38%
how many Northern White Rhinos are there left in the world?2
31%
How long can snails sleep (continuously) for?3 years
31%
Which species is the closest living relative of whales?Hippo
31%
How many teeth does the average garden snail have?14,000
15%
The approximate number of domestic pigs in the world today is:2 billion
15%
About how long was the longest snake ever?8m
15%
The lagest sea turtle was about ________ kg(lb)2,200 kg (4,850 lbs)
8%
About how heavy was the heaviest snake ever?225kg
8%
How many legs does a centipede have?Between 15 and 177 pairs
0%

Score Distribution

Percentile by Number Answered

Percent of People with Each Score

Your Score History

You have not taken this quiz